[Event "DEM U10w 2022"]
[Site "Willingen GER"]
[Date "2022.06.06"]
[Round "4"]
[White "Nönnig, Lotte"]
[Black "Tu, Audrey"]
[Result "1/2-1/2"]
[Termination "normal"]
[Board "6"]
[WhiteElo "1049"]
[BlackElo "1108"]
[WhiteClock "01:16:40"]
[BlackClock "00:15:25"]
[PlyCount "175"]
[WhiteFideId "34611509"]
[BlackFideId "34628568"]
[EventCountry "GER"]
[EventRounds "11"]
[EventType "swiss"]
[EventDate "2022.06.04"]

1. e4 {[%clk 01:15:59]} {[%emt 00:00:01]} e5 {[%clk 01:15:36]} {[%emt
00:00:24]} 2. Nf3 {[%clk 01:16:21]} {[%emt 00:00:07]} Nc6 {[%clk 01:15:52]}
{[%emt 00:00:15]} 3. Bc4 {[%clk 01:16:46]} {[%emt 00:00:05]} Bc5 {[%clk
01:15:59]} {[%emt 00:00:22]} 4. c3 {[%clk 01:17:08]} {[%emt 00:00:09]} Nf6
{[%clk 01:16:10]} {[%emt 00:00:19]} 5. d4 {[%clk 01:17:29]} {[%emt 00:00:09]}
exd4 {[%clk 01:15:54]} {[%emt 00:00:46]} 6. cxd4 {[%clk 01:17:52]} {[%emt
00:00:07]} Bb4+ {[%clk 01:15:37]} {[%emt 00:00:47]} 7. Bd2 {[%clk 01:18:13]}
{[%emt 00:00:09]} Nxe4 {[%clk 01:14:39]} {[%emt 00:01:28]} 8. Bxb4 {[%clk
01:18:28]} {[%emt 00:00:15]} Nxb4 {[%clk 01:14:44]} {[%emt 00:00:24]} 9. Bxf7+
{[%clk 01:18:50]} {[%emt 00:00:08]} Kxf7 {[%clk 01:14:03]} {[%emt 00:01:12]}
10. Qb3+ {[%clk 01:19:13]} {[%emt 00:00:08]} Kf8 {[%clk 01:13:20]} {[%emt
00:01:12]} 11. Qxb4+ {[%clk 01:19:34]} {[%emt 00:00:09]} Qe7 {[%clk 01:13:09]}
{[%emt 00:00:41]} 12. Qxe7+ {[%clk 01:19:32]} {[%emt 00:00:32]} Kxe7 {[%clk
01:13:26]} {[%emt 00:00:13]} 13. O-O {[%clk 01:19:52]} {[%emt 00:00:09]} d5
{[%clk 01:12:38]} {[%emt 00:01:19]} 14. Re1 {[%clk 01:20:09]} {[%emt 00:00:12]}
Kd6 {[%clk 01:08:37]} {[%emt 00:04:32]} 15. Ne5 {[%clk 01:20:09]} {[%emt
00:00:30]} Be6 {[%clk 01:03:46]} {[%emt 00:05:21]} 16. Nc3 {[%clk 01:20:06]}
{[%emt 00:00:32]} Nxc3 {[%clk 01:02:56]} {[%emt 00:01:21]} 17. bxc3 {[%clk
01:20:25]} {[%emt 00:00:12]} Raf8 {[%clk 00:59:14]} {[%emt 00:04:11]} 18. Rab1
{[%clk 01:20:26]} {[%emt 00:00:29]} b6 {[%clk 00:58:38]} {[%emt 00:01:07]} 19.
Rb4 {[%clk 01:18:41]} {[%emt 00:02:11]} Rf5 {[%clk 00:53:37]} {[%emt 00:05:34]}
20. h3 {[%clk 01:18:11]} {[%emt 00:01:00]} Rhf8 {[%clk 00:52:10]} {[%emt
00:01:58]} 21. f3 {[%clk 01:17:31]} {[%emt 00:01:09]} Rg5 {[%clk 00:46:05]}
{[%emt 00:06:36]} 22. a4 {[%clk 01:16:09]} {[%emt 00:01:52]} Bxh3 {[%clk
00:43:37]} {[%emt 00:02:56]} 23. Re2 {[%clk 01:15:16]} {[%emt 00:01:23]} a5
{[%clk 00:38:34]} {[%emt 00:05:34]} 24. Rb5 {[%clk 01:15:23]} {[%emt 00:00:21]}
Be6 {[%clk 00:36:19]} {[%emt 00:02:47]} 25. g4 {[%clk 01:15:21]} {[%emt
00:00:29]} h5 {[%clk 00:35:21]} {[%emt 00:01:31]} 26. Rg2 {[%clk 01:14:51]}
{[%emt 00:00:58]} hxg4 {[%clk 00:34:22]} {[%emt 00:01:30]} 27. fxg4 {[%clk
01:14:58]} {[%emt 00:00:22]} Rf4 {[%clk 00:32:44]} {[%emt 00:02:10]} 28. c4
{[%clk 01:11:32]} {[%emt 00:03:56]} Rxd4 {[%clk 00:27:55]} {[%emt 00:05:19]}
29. Nf3 {[%clk 01:11:28]} {[%emt 00:00:33]} Rd1+ {[%clk 00:27:54]} {[%emt
00:00:32]} 30. Kf2 {[%clk 01:10:49]} {[%emt 00:01:07]} Rxg4 {[%clk 00:27:15]}
{[%emt 00:01:11]} 31. cxd5 {[%clk 01:08:20]} {[%emt 00:02:59]} Rxg2+ {[%clk
00:27:18]} {[%emt 00:00:27]} 32. Kxg2 {[%clk 01:08:32]} {[%emt 00:00:16]} Bxd5
{[%clk 00:27:16]} {[%emt 00:00:34]} 33. Kf2 {[%clk 01:08:06]} {[%emt 00:00:53]}
Bxf3 {[%clk 00:27:30]} {[%emt 00:00:18]} 34. Kxf3 {[%clk 01:08:16]} {[%emt
00:00:20]} Rd4 {[%clk 00:26:39]} {[%emt 00:01:21]} 35. Rg5 {[%clk 01:07:43]}
{[%emt 00:01:00]} Rxa4 {[%clk 00:26:44]} {[%emt 00:00:29]} 36. Rxg7 {[%clk
01:08:04]} {[%emt 00:00:09]} Ra3+ {[%clk 00:25:29]} {[%emt 00:01:45]} 37. Kg2
{[%clk 01:08:07]} {[%emt 00:00:26]} Kc6 {[%clk 00:21:41]} {[%emt 00:04:19]} 38.
Rg6+ {[%clk 01:08:19]} {[%emt 00:00:17]} Kb7 {[%clk 00:22:03]} {[%emt
00:00:10]} 39. Rg7 {[%clk 01:07:55]} {[%emt 00:00:52]} b5 {[%clk 00:21:51]}
{[%emt 00:00:43]} 40. Kf2 {[%clk 01:08:04]} {[%emt 00:00:20]} b4 {[%clk
00:21:16]} {[%emt 00:01:06]} 41. Ke2 {[%clk 01:08:18]} {[%emt 00:00:16]} b3
{[%clk 00:20:55]} {[%emt 00:00:51]} 42. Rg3 {[%clk 01:08:38]} {[%emt 00:00:08]}
Ra2+ {[%clk 00:20:53]} {[%emt 00:00:33]} 43. Kd1 {[%clk 01:08:42]} {[%emt
00:00:26]} b2 {[%clk 00:20:52]} {[%emt 00:00:32]} 44. Rb3+ {[%clk 01:07:56]}
{[%emt 00:01:16]} Ka6 {[%clk 00:20:39]} {[%emt 00:00:43]} 45. Kc2 {[%clk
01:08:10]} {[%emt 00:00:13]} c5 {[%clk 00:19:51]} {[%emt 00:01:20]} 46. Rb8
{[%clk 01:07:40]} {[%emt 00:01:00]} a4 {[%clk 00:17:58]} {[%emt 00:02:24]} 47.
Kb1 {[%clk 01:06:38]} {[%emt 00:01:30]} Ra3 {[%clk 00:16:43]} {[%emt 00:01:47]}
48. Kxb2 {[%clk 01:06:30]} {[%emt 00:00:37]} Rb3+ {[%clk 00:16:45]} {[%emt
00:00:28]} 49. Rxb3 {[%clk 01:06:45]} {[%emt 00:00:16]} axb3 {[%clk 00:17:09]}
{[%emt 00:00:06]} 50. Kxb3 {[%clk 01:06:58]} {[%emt 00:00:16]} Kb5 {[%clk
00:17:29]} {[%emt 00:00:10]} 51. Kc3 {[%clk 01:06:44]} {[%emt 00:00:45]} c4
{[%clk 00:17:11]} {[%emt 00:00:49]} 52. Kc2 {[%clk 01:07:00]} {[%emt 00:00:12]}
Kb4 {[%clk 00:17:09]} {[%emt 00:00:32]} 53. Kb2 {[%clk 01:07:19]} {[%emt
00:00:11]} c3+ {[%clk 00:17:10]} {[%emt 00:00:30]} 54. Kc2 {[%clk 01:07:36]}
{[%emt 00:00:12]} Kc4 {[%clk 00:17:26]} {[%emt 00:00:15]} 55. Kc1 {[%clk
01:07:58]} {[%emt 00:00:07]} Kd3 {[%clk 00:16:40]} {[%emt 00:01:16]} 56. Kd1
{[%clk 01:08:17]} {[%emt 00:00:10]} Kd4 {[%clk 00:16:16]} {[%emt 00:00:56]} 57.
Kc1 {[%clk 01:08:19]} {[%emt 00:00:28]} Kc4 {[%clk 00:15:54]} {[%emt 00:00:52]}
58. Kc2 {[%clk 01:08:42]} {[%emt 00:00:07]} Kd4 {[%clk 00:15:44]} {[%emt
00:00:40]} 59. Kc1 {[%clk 01:09:00]} {[%emt 00:00:11]} Kd3 {[%clk 00:15:43]}
{[%emt 00:00:32]} 60. Kd1 {[%clk 01:09:23]} {[%emt 00:00:07]} Ke3 {[%clk
00:15:27]} {[%emt 00:00:47]} 61. Kc2 {[%clk 01:09:21]} {[%emt 00:00:31]} Kd4
{[%clk 00:15:30]} {[%emt 00:00:26]} 62. Kc1 {[%clk 01:09:35]} {[%emt 00:00:17]}
Kc4 {[%clk 00:15:36]} {[%emt 00:00:23]} 63. Kc2 {[%clk 01:09:58]} {[%emt
00:00:08]} Kb4 {[%clk 00:15:49]} {[%emt 00:00:17]} 64. Kc1 {[%clk 01:10:17]}
{[%emt 00:00:11]} Kb3 {[%clk 00:15:51]} {[%emt 00:00:28]} 65. Kb1 {[%clk
01:10:39]} {[%emt 00:00:08]} Kb4 {[%clk 00:16:05]} {[%emt 00:00:16]} 66. Kc2
{[%clk 01:10:38]} {[%emt 00:00:31]} Kc4 {[%clk 00:16:00]} {[%emt 00:00:35]} 67.
Kc1 {[%clk 01:10:59]} {[%emt 00:00:09]} Kd3 {[%clk 00:15:21]} {[%emt 00:01:09]}
68. Kd1 {[%clk 01:11:19]} {[%emt 00:00:09]} Kc4 {[%clk 00:14:40]} {[%emt
00:01:12]} 69. Kc2 {[%clk 01:11:36]} {[%emt 00:00:10]} Kb4 {[%clk 00:14:50]}
{[%emt 00:00:23]} 70. Kc1 {[%clk 01:11:53]} {[%emt 00:00:12]} Kb3 {[%clk
00:15:07]} {[%emt 00:00:13]} 71. Kb1 {[%clk 01:12:17]} {[%emt 00:00:07]} Ka3
{[%clk 00:15:01]} {[%emt 00:00:36]} 72. Kc2 {[%clk 01:12:23]} {[%emt 00:00:23]}
Kb4 {[%clk 00:15:22]} {[%emt 00:00:10]} 73. Kc1 {[%clk 01:12:46]} {[%emt
00:00:06]} Kc5 {[%clk 00:14:56]} {[%emt 00:00:57]} 74. Kc2 {[%clk 01:12:57]}
{[%emt 00:00:19]} Kd4 {[%clk 00:14:55]} {[%emt 00:00:30]} 75. Kc1 {[%clk
01:13:14]} {[%emt 00:00:13]} Kd3 {[%clk 00:14:38]} {[%emt 00:00:48]} 76. Kd1
{[%clk 01:13:37]} {[%emt 00:00:07]} Kd4 {[%clk 00:14:14]} {[%emt 00:00:54]} 77.
Kc2 {[%clk 01:13:55]} {[%emt 00:00:12]} Kc4 {[%clk 00:14:32]} {[%emt 00:00:12]}
78. Kc1 {[%clk 01:14:15]} {[%emt 00:00:10]} Kb3 {[%emt 00:00:10]} 79. Kb1
{[%clk 01:14:35]} {[%emt 00:00:07]} Ka4 {[%clk 00:14:17]} {[%emt 00:01:07]} 80.
Kc2 {[%clk 01:14:50]} {[%emt 00:00:15]} Kb4 {[%clk 00:14:27]} {[%emt 00:00:21]}
81. Kc1 {[%clk 01:14:54]} {[%emt 00:00:26]} Kc4 {[%clk 00:14:27]} {[%emt
00:00:29]} 82. Kc2 {[%clk 01:15:13]} {[%emt 00:00:10]} Kd4 {[%clk 00:14:49]}
{[%emt 00:00:10]} 83. Kc1 {[%clk 01:15:30]} {[%emt 00:00:12]} Kd3 {[%clk
00:15:07]} {[%emt 00:00:13]} 84. Kd1 {[%clk 01:15:52]} {[%emt 00:00:08]} Kd4
{[%clk 00:14:55]} {[%emt 00:00:42]} 85. Kc2 {[%clk 01:15:39]} {[%emt 00:00:42]}
Kc4 {[%clk 00:15:18]} {[%emt 00:00:08]} 86. Kc1 {[%clk 01:16:01]} {[%emt
00:00:08]} Kd4 {[%clk 00:15:03]} {[%emt 00:00:44]} 87. Kc2 {[%clk 01:16:20]}
{[%emt 00:00:11]} Kc4 {[%clk 00:15:25]} {[%emt 00:00:09]} 88. Kc1 {[%clk
01:16:40]} {[%emt 00:00:10]} 1/2-1/2

[Event "DEM U10w 2022"]
[Site "Willingen GER"]
[Date "2022.06.06"]
[Round "4"]
[White "Margaryan, Mane"]
[Black "Dominick, Johanna"]
[Result "0-1"]
[Termination "normal"]
[Board "7"]
[WhiteElo "1107"]
[BlackElo "1431"]
[WhiteClock "00:36:06"]
[BlackClock "00:44:23"]
[PlyCount "136"]
[WhiteFideId "16268237"]
[BlackFideId "16296532"]
[EventCountry "GER"]
[EventRounds "11"]
[EventType "swiss"]
[EventDate "2022.06.04"]

1. d4 {[%clk 01:15:59]} {[%emt 00:00:01]} d6 {[%clk 01:15:57]} {[%emt
00:00:04]} 2. c4 {[%clk 01:16:23]} {[%emt 00:00:05]} Nf6 {[%clk 01:16:22]}
{[%emt 00:00:05]} 3. Nc3 {[%clk 01:16:44]} {[%emt 00:00:10]} g6 {[%clk
01:16:47]} {[%emt 00:00:05]} 4. Nf3 {[%clk 01:17:06]} {[%emt 00:00:08]} Bg7
{[%clk 01:17:09]} {[%emt 00:00:06]} 5. e4 {[%clk 01:17:16]} {[%emt 00:00:21]}
Nbd7 {[%clk 01:17:26]} {[%emt 00:00:13]} 6. Bf4 {[%clk 01:16:30]} {[%emt
00:01:16]} O-O {[%clk 01:17:43]} {[%emt 00:00:13]} 7. Be2 {[%clk 01:16:10]}
{[%emt 00:00:49]} b6 {[%clk 01:17:58]} {[%emt 00:00:16]} 8. O-O {[%clk
01:15:48]} {[%emt 00:00:52]} Bb7 {[%clk 01:18:26]} {[%emt 00:00:02]} 9. d5
{[%clk 01:14:59]} {[%emt 00:01:19]} e5 {[%clk 01:17:11]} {[%emt 00:01:40]} 10.
Be3 {[%clk 01:12:06]} {[%emt 00:03:27]} h6 {[%clk 01:13:06]} {[%emt 00:04:35]}
11. h3 {[%clk 01:12:07]} {[%emt 00:00:29]} Kh7 {[%clk 01:13:07]} {[%emt
00:00:27]} 12. Re1 {[%clk 01:09:38]} {[%emt 00:03:01]} Ne8 {[%clk 01:10:02]}
{[%emt 00:03:36]} 13. Rc1 {[%clk 01:07:31]} {[%emt 00:02:36]} Rg8 {[%clk
01:07:40]} {[%emt 00:02:53]} 14. Qd2 {[%clk 01:06:07]} {[%emt 00:01:54]} c5
{[%clk 01:05:46]} {[%emt 00:02:25]} 15. a3 {[%clk 01:05:20]} {[%emt 00:01:17]}
Nc7 {[%clk 01:03:14]} {[%emt 00:03:01]} 16. b4 {[%clk 01:04:17]} {[%emt
00:01:33]} a6 {[%clk 01:03:03]} {[%emt 00:00:41]} 17. Rb1 {[%clk 01:04:12]}
{[%emt 00:00:35]} Qe7 {[%clk 00:58:10]} {[%emt 00:05:23]} 18. bxc5 {[%clk
01:03:51]} {[%emt 00:00:52]} dxc5 {[%clk 00:57:24]} {[%emt 00:01:16]} 19. d6
{[%clk 01:02:49]} {[%emt 00:01:32]} Qd8 {[%clk 00:56:18]} {[%emt 00:01:35]} 20.
dxc7 {[%clk 01:02:12]} {[%emt 00:01:07]} Qxc7 {[%clk 00:56:14]} {[%emt
00:00:34]} 21. Nd5 {[%clk 01:01:39]} {[%emt 00:01:03]} Qd6 {[%clk 00:55:00]}
{[%emt 00:01:38]} 22. Nf6+ {[%clk 00:58:37]} {[%emt 00:03:37]} Qxf6 {[%clk
00:53:52]} {[%emt 00:01:38]} 23. Qxd7 {[%clk 00:58:51]} {[%emt 00:00:14]} Bxe4
{[%clk 00:53:58]} {[%emt 00:00:25]} 24. Rbc1 {[%clk 00:55:47]} {[%emt
00:03:36]} Rgd8 {[%clk 00:53:08]} {[%emt 00:01:16]} 25. Qa4 {[%clk 00:55:48]}
{[%emt 00:00:32]} Qc6 {[%clk 00:51:23]} {[%emt 00:02:11]} 26. Qxc6 {[%clk
00:55:31]} {[%emt 00:00:51]} Bxc6 {[%clk 00:51:42]} {[%emt 00:00:12]} 27. Rcd1
{[%clk 00:53:49]} {[%emt 00:02:12]} e4 {[%clk 00:51:40]} {[%emt 00:00:30]} 28.
Nd2 {[%clk 00:53:00]} {[%emt 00:01:20]} Bc3 {[%clk 00:50:18]} {[%emt 00:01:48]}
29. Rf1 {[%clk 00:51:53]} {[%emt 00:01:41]} Bd4 {[%clk 00:47:35]} {[%emt
00:03:09]} 30. Bxd4 {[%clk 00:51:55]} {[%emt 00:00:33]} cxd4 {[%clk 00:48:00]}
{[%emt 00:00:05]} 31. Rfe1 {[%clk 00:51:10]} {[%emt 00:01:15]} d3 {[%clk
00:47:53]} {[%emt 00:00:36]} 32. Bf1 {[%clk 00:51:01]} {[%emt 00:00:39]} f5
{[%clk 00:47:33]} {[%emt 00:00:49]} 33. Kh2 {[%clk 00:48:42]} {[%emt 00:02:50]}
b5 {[%clk 00:47:51]} {[%emt 00:00:12]} 34. cxb5 {[%clk 00:48:39]} {[%emt
00:00:33]} axb5 {[%clk 00:48:16]} {[%emt 00:00:06]} 35. Kg3 {[%clk 00:48:57]}
{[%emt 00:00:13]} Rxa3 {[%clk 00:48:37]} {[%emt 00:00:08]} 36. f3 {[%clk
00:48:20]} {[%emt 00:01:07]} Rd4 {[%clk 00:46:16]} {[%emt 00:02:43]} 37. Rc1
{[%clk 00:47:05]} {[%emt 00:01:53]} Bd5 {[%clk 00:45:35]} {[%emt 00:01:00]} 38.
Rc7+ {[%clk 00:47:01]} {[%emt 00:00:44]} Kh8 {[%clk 00:45:58]} {[%emt
00:00:07]} 39. Rec1 {[%clk 00:45:50]} {[%emt 00:01:42]} e3 {[%clk 00:45:38]}
{[%emt 00:00:49]} 40. Rc8+ {[%clk 00:45:48]} {[%emt 00:00:33]} Bg8 {[%clk
00:45:57]} {[%emt 00:00:11]} 41. Nb1 {[%clk 00:45:17]} {[%emt 00:01:02]} Ra1
{[%clk 00:44:56]} {[%emt 00:01:30]} 42. f4 {[%clk 00:42:49]} {[%emt 00:02:58]}
e2 {[%clk 00:45:18]} {[%emt 00:00:09]} 43. Bxe2 {[%clk 00:40:20]} {[%emt
00:02:58]} dxe2 {[%clk 00:45:42]} {[%emt 00:00:06]} 44. Re1 {[%clk 00:40:11]}
{[%emt 00:00:40]} Re4 {[%emt 00:00:07]} 45. Kf2 {[%emt 00:01:57]} b4 {[%clk
00:43:31]} {[%emt 00:00:37]} 46. Nd2 {[%clk 00:39:02]} {[%emt 00:01:39]} Rxe1
{[%clk 00:41:33]} {[%emt 00:02:27]} 47. Kxe1 {[%clk 00:38:43]} {[%emt
00:00:48]} Rxf4 {[%clk 00:41:55]} {[%emt 00:00:10]} 48. Kxe2 {[%clk 00:38:55]}
{[%emt 00:00:19]} Rd4 {[%clk 00:42:17]} {[%emt 00:00:04]} 49. Nf3 {[%clk
00:37:59]} {[%emt 00:01:28]} Rd5 {[%clk 00:42:15]} {[%emt 00:00:21]} 50. Rc7
{[%clk 00:37:41]} {[%emt 00:01:00]} Rb5 {[%clk 00:41:22]} {[%emt 00:01:20]} 51.
Nh4 {[%clk 00:37:37]} {[%emt 00:00:37]} Rb6 {[%clk 00:41:11]} {[%emt 00:00:33]}
52. Kf3 {[%clk 00:35:41]} {[%emt 00:02:32]} b3 {[%clk 00:41:25]} {[%emt
00:00:17]} 53. Rc1 {[%clk 00:34:19]} {[%emt 00:01:53]} b2 {[%clk 00:41:45]}
{[%emt 00:00:10]} 54. Rb1 {[%emt 00:00:13]} Ba2 {[%emt 00:00:05]} 55. Rxb2
{[%clk 00:33:52]} {[%emt 00:00:39]} Rxb2 {[%clk 00:42:10]} {[%emt 00:00:06]}
56. Nxg6+ {[%clk 00:34:18]} {[%emt 00:00:03]} Kg7 {[%clk 00:42:30]} {[%emt
00:00:06]} 57. Ne5 {[%clk 00:34:37]} {[%emt 00:00:14]} Rb3+ {[%clk 00:42:52]}
{[%emt 00:00:06]} 58. Kf4 {[%clk 00:34:52]} {[%emt 00:00:17]} Bb1 {[%clk
00:43:05]} {[%emt 00:00:15]} 59. g4 {[%clk 00:35:03]} {[%emt 00:00:21]} fxg4
{[%clk 00:43:03]} {[%emt 00:00:33]} 60. hxg4 {[%clk 00:35:21]} {[%emt
00:00:10]} Rb4+ {[%clk 00:42:58]} {[%emt 00:00:35]} 61. Kg3 {[%clk 00:35:32]}
{[%emt 00:00:21]} Kf6 {[%clk 00:42:36]} {[%emt 00:00:39]} 62. Nf3 {[%clk
00:35:48]} {[%emt 00:00:26]} Be4 {[%clk 00:42:13]} {[%emt 00:00:54]} 63. Nd2
{[%clk 00:34:52]} {[%emt 00:01:25]} Bb7 {[%clk 00:42:28]} {[%emt 00:00:11]} 64.
Nf3 {[%clk 00:34:48]} {[%emt 00:00:38]} Bxf3 {[%clk 00:42:51]} {[%emt
00:00:07]} 65. Kxf3 {[%clk 00:35:13]} {[%emt 00:00:05]} Kg5 {[%clk 00:43:16]}
{[%emt 00:00:05]} 66. Kg3 {[%clk 00:35:36]} {[%emt 00:00:08]} Rxg4+ {[%clk
00:43:39]} {[%emt 00:00:07]} 67. Kf3 {[%clk 00:36:00]} {[%emt 00:00:06]} Ra4
{[%clk 00:44:00]} {[%emt 00:00:08]} 68. Ke3 {[%clk 00:36:06]} {[%emt 00:00:23]}
h5 {[%clk 00:44:23]} {[%emt 00:00:07]} 0-1

[Event "DEM U10w 2022"]
[Site "Willingen GER"]
[Date "2022.06.06"]
[Round "4"]
[White "Schirmbeck, Lilian"]
[Black "Mersmann, Jasmin"]
[Result "1-0"]
[Termination "normal"]
[Board "8"]
[WhiteElo "980"]
[BlackElo "1099"]
[WhiteClock "00:13:25"]
[BlackClock "00:41:48"]
[PlyCount "93"]
[WhiteFideId "34620532"]
[BlackFideId "34630287"]
[EventCountry "GER"]
[EventRounds "11"]
[EventType "swiss"]
[EventDate "2022.06.04"]

1. e4 {[%clk 01:15:57]} {[%emt 00:00:03]} e5 {[%clk 01:15:54]} {[%emt
00:00:07]} 2. Nf3 {[%clk 01:16:12]} {[%emt 00:00:14]} Nc6 {[%clk 01:16:15]}
{[%emt 00:00:10]} 3. Bc4 {[%clk 01:16:04]} {[%emt 00:00:38]} Bc5 {[%clk
01:16:08]} {[%emt 00:00:37]} 4. Nc3 {[%clk 01:14:39]} {[%emt 00:01:55]} d6
{[%clk 01:16:11]} {[%emt 00:00:27]} 5. h3 {[%clk 01:07:33]} {[%emt 00:07:35]}
Nf6 {[%clk 01:16:19]} {[%emt 00:00:23]} 6. d3 {[%clk 01:07:19]} {[%emt
00:00:44]} h6 {[%clk 01:15:58]} {[%emt 00:00:50]} 7. Be3 {[%clk 01:06:35]}
{[%emt 00:01:14]} Be6 {[%clk 01:15:43]} {[%emt 00:00:46]} 8. Bb3 {[%clk
01:06:09]} {[%emt 00:00:56]} O-O {[%clk 01:15:37]} {[%emt 00:00:36]} 9. g4
{[%clk 00:59:35]} {[%emt 00:07:04]} g5 {[%clk 01:13:05]} {[%emt 00:03:01]} 10.
Qe2 {[%clk 00:50:01]} {[%emt 00:10:04]} Kh8 {[%clk 01:08:40]} {[%emt 00:04:54]}
11. O-O-O {[%clk 00:47:56]} {[%emt 00:02:36]} a5 {[%clk 01:08:37]} {[%emt
00:00:34]} 12. a4 {[%clk 00:47:28]} {[%emt 00:00:58]} Nd4 {[%clk 01:06:53]}
{[%emt 00:02:14]} 13. Bxd4 {[%clk 00:45:19]} {[%emt 00:02:38]} Bxd4 {[%clk
01:06:16]} {[%emt 00:01:07]} 14. Bxe6 {[%clk 00:40:09]} {[%emt 00:05:41]} fxe6
{[%clk 01:06:09]} {[%emt 00:00:36]} 15. Rdg1 {[%clk 00:40:08]} {[%emt
00:00:32]} Bxc3 {[%clk 01:05:37]} {[%emt 00:01:02]} 16. bxc3 {[%clk 00:38:53]}
{[%emt 00:01:45]} Nh7 {[%clk 00:57:40]} {[%emt 00:08:27]} 17. Nd2 {[%clk
00:27:54]} {[%emt 00:11:29]} c6 {[%clk 00:57:18]} {[%emt 00:00:52]} 18. Qe3
{[%clk 00:15:50]} {[%emt 00:12:33]} b5 {[%clk 00:55:47]} {[%emt 00:02:02]} 19.
axb5 {[%clk 00:15:38]} {[%emt 00:00:42]} cxb5 {[%clk 00:56:08]} {[%emt
00:00:09]} 20. h4 {[%clk 00:15:21]} {[%emt 00:00:47]} a4 {[%clk 00:55:34]}
{[%emt 00:01:04]} 21. hxg5 {[%clk 00:13:39]} {[%emt 00:02:11]} hxg5 {[%clk
00:55:43]} {[%emt 00:00:21]} 22. Qh3 {[%clk 00:13:44]} {[%emt 00:00:26]} Ra7
{[%clk 00:55:38]} {[%emt 00:00:35]} 23. Rg2 {[%clk 00:13:37]} {[%emt 00:00:36]}
Rff7 {[%clk 00:55:43]} {[%emt 00:00:23]} 24. Rgh2 {[%clk 00:13:45]} {[%emt
00:00:24]} Qd7 {[%clk 00:55:43]} {[%emt 00:00:30]} 25. Qh6 {[%clk 00:13:59]}
{[%emt 00:00:16]} Qe7 {[%clk 00:55:16]} {[%emt 00:00:58]} 26. Qg6 {[%clk
00:14:13]} {[%emt 00:00:16]} a3 {[%clk 00:55:04]} {[%emt 00:00:42]} 27. Nb3
{[%clk 00:14:35]} {[%emt 00:00:08]} a2 {[%clk 00:55:21]} {[%emt 00:00:13]} 28.
Kb2 {[%clk 00:14:56]} {[%emt 00:00:08]} d5 {[%clk 00:53:34]} {[%emt 00:02:18]}
29. exd5 {[%clk 00:14:57]} {[%emt 00:00:28]} exd5 {[%clk 00:53:55]} {[%emt
00:00:09]} 30. Rh5 {[%clk 00:14:28]} {[%emt 00:00:59]} d4 {[%clk 00:52:05]}
{[%emt 00:02:21]} 31. Rxg5 {[%clk 00:13:55]} {[%emt 00:01:02]} Ra8 {[%clk
00:51:20]} {[%emt 00:01:15]} 32. Re1 {[%clk 00:13:03]} {[%emt 00:01:23]} Nxg5
{[%clk 00:51:03]} {[%emt 00:00:46]} 33. Rh1+ {[%clk 00:13:09]} {[%emt
00:00:25]} Nh7 {[%clk 00:51:13]} {[%emt 00:00:19]} 34. g5 {[%clk 00:13:20]}
{[%emt 00:00:19]} Rxf2 {[%clk 00:50:14]} {[%emt 00:01:28]} 35. Qh6 {[%clk
00:13:11]} {[%emt 00:00:40]} dxc3+ {[%clk 00:49:06]} {[%emt 00:01:39]} 36. Ka1
{[%clk 00:12:17]} {[%emt 00:01:24]} Qf7 {[%clk 00:47:01]} {[%emt 00:02:34]} 37.
g6 {[%clk 00:12:16]} {[%emt 00:00:32]} Rf1+ {[%clk 00:47:23]} {[%emt 00:00:08]}
38. Rxf1 {[%clk 00:12:40]} {[%emt 00:00:06]} Qxf1+ {[%clk 00:47:45]} {[%emt
00:00:07]} 39. Nc1 {[%clk 00:13:02]} {[%emt 00:00:09]} Kg8 {[%clk 00:44:31]}
{[%emt 00:03:43]} 40. Qxh7+ {[%emt 00:00:28]} Kf8 {[%clk 00:44:09]} {[%emt
00:00:45]} 41. g7+ {[%clk 00:13:35]} {[%emt 00:00:07]} Ke7 {[%clk 00:42:02]}
{[%emt 00:02:36]} 42. g8=Q+ {[%emt 00:00:30]} Kd6 {[%clk 00:42:14]} {[%emt
00:00:15]} 43. Qh6+ {[%clk 00:13:44]} {[%emt 00:00:24]} Kc5 {[%clk 00:41:29]}
{[%emt 00:01:15]} 44. Qxa8 {[%clk 00:13:31]} {[%emt 00:00:43]} Qf2 {[%clk
00:41:37]} {[%emt 00:00:20]} 45. Qc8+ {[%clk 00:13:32]} {[%emt 00:00:32]} Kd4
{[%clk 00:41:39]} {[%emt 00:00:27]} 46. Nb3+ {[%clk 00:13:25]} {[%emt
00:00:38]} Kd5 {[%clk 00:41:48]} {[%emt 00:00:21]} 47. Qhe6# {[%emt 00:00:10]}
1-0